02402cam a2200229Mi 450000500170000000800410001702000180005802000180007603500570009404000510015110000150020224501000021726000430031730000210036049000470038150502900042852013400071865000340205865000350209265000150212770000300214220171031111114.0161118s2017 sz r 000 0 eng d a9783319474793 z9783319474786 a(OCoLC)981224008z(OCoLC)981638678z(OCoLC)981814430 aCO-BoUCMbspa cSandra PalaciodSandra Palacio1 aMudde, Cas10aSyrizabthe failure of the populist promisecCas Mudde ; prólogo por Petros Papasarantopoulos aCham (Suiza)bpalgrave macmillanc2017 axi, 98 páginas0 aReform and transition in the Mediterranean0 aForeword; Petros Papasarantopoulos -- Part 1. SYRIZA’s Populist Illusions -- Part 2. Cas Mudde’s Interviews about Right and Left Populism, Radicalism, Extremism and SYRIZA -- Part 3. About Liberal Democracy and Extremism -- Addendum: The Books’ Journal Colloquium about Populism. aThis book studies the rollercoaster first year in office of the Coalition of the Radical Left (SYRIZA), which for many Europeans constituted the hope for a different Europe, beyond austerity and national egocentrism. Through a collection of sharp and short articles and interviews that critically chronicle the rapid rise of SYRIZA, the author argues that SYRIZA is not so much a new European phenomenon, but rather a rejuvenated form of an old Greek phenomenon, left populism, which overpromises and seldom delivers. By putting the phenomenon of SYRIZA within a broader Greek and European context, in which political extremism and populism are increasingly threatening liberal democracy, Mudde argues that Greece is neither a new Weimar Germany nor the future of Europe. As SYRIZA has failed to bring the change it promised, the only remaining question now is whether it can establish itself in the Greek party system. This book will be of use to students and scholars interested in Greek politics, comparative politics, populism, and extremism. Cas Mudde is Associate Professor at the School of Public and International Affairs (SPIA) at the University of Georgia, USA, and Researcher at the Center for Research on Extremism (C-REX) at the University of Oslo, Norway. He is a leading expert on the far right and populism in Europe.--17aPartidos políticos zEuropa27aPolítica y gobierno zEuropa27aPopulismo 1 aPapasarantopoulos, Petros